| 000 | 00398nam a22001697a 4500 | ||
|---|---|---|---|
| 999 |
_c5127 _d5125 |
||
| 005 | 20211005152751.0 | ||
| 008 | 160701b xxu||||| |||| 00| 0 eng d | ||
| 020 | _a978-81-7700-101-3 | ||
| 041 | _aeng | ||
| 082 | _b20785 | ||
| 100 |
_aSawhney AK _93427 |
||
| 245 | _aElectrical Machine Design | ||
| 260 |
_bDhanpat _c2014 |
||
| 300 | _a23.34 | ||
| 650 |
_aDiploma Engineering _9817 |
||
| 942 | _cBK | ||